|
|
|
|
| LEADER |
01182nam a2200253 a 4500 |
| 001 |
12390343 |
| 008 |
010425s2004 nyua 000 0 eng d |
| 010 |
|
|
|a 2001032196
|
| 020 |
|
|
|a 9780194366779
|
| 040 |
|
|
|a DLC
|c DLC
|d DLC
|
| 082 |
0 |
0 |
|a 428.2/4
|2 22
|
| 100 |
1 |
|
|a Soars, John,
|d 1951-
|
| 245 |
1 |
0 |
|a New headway English course:
|b elementary Student's book /
|c John and Liz Soars.
|
| 260 |
|
|
|a New York :
|b Oxford University Press,
|c 2004.
|
| 300 |
|
|
|a 143 p. :
|b ill. ;
|c 27 cm.
|
| 541 |
1 |
|
|e 00014117
|
| 650 |
|
0 |
|a English language
|v Textbooks for foreign speakers.
|
| 650 |
|
0 |
|a English language
|z United States
|v Problems, exercises, etc.
|
| 650 |
|
0 |
|a Americanisms
|v Problems, exercises, etc.
|
| 700 |
1 |
|
|a Soars, Liz,
|d 1945-
|
| 852 |
4 |
|
|a Ayesha Abed Library
|j General Shelf.
|
| 999 |
|
|
|c 3477
|d 3477
|
| 952 |
|
|
|0 0
|1 0
|2 ddc
|4 0
|6 428_240000000000000_HEA
|7 0
|9 3157
|a BRACUL
|b BRACUL
|c GEN
|d 2009-09-01
|g 650.00
|l 4
|m 26
|o 428.24 HEA
|p 3010014117
|r 2018-04-17
|s 2018-03-27
|t 1
|v 1300.00
|w 2009-09-01
|y BK
|x Price available in register book.
|
| 952 |
|
|
|0 0
|1 0
|2 ddc
|4 0
|6 428_240000000000000_HEA_2004
|7 0
|9 9760
|a BRACUL
|b BRACUL
|c GEN
|d 2010-05-04
|l 11
|m 54
|o 428.24 HEA
|p 3010016928
|r 2024-12-21
|s 2024-10-26
|t 2
|w 2010-05-04
|y BK
|